Vista normal
Vista MARC
- Diables de Ripollet
Entrada Nom corporatiu
Nombre de registres utilitzats a: 2
001 - NÚMERO DE CONTROL
- campo de control: 63429
003 - IDENTIFICADOR DE NÚMERO DE CONTROL
- campo de control: OSt
005 - FECHA Y HORA DE LA ÚLTIMA TRANSACCIÓN
- campo de control: 20210930002339.0
008 - ELEMENTOS DE DATO DE LONGITUD-FIJA
- campo de control de longitud fija: 210929|| aca||aabn | a|a d
040 ## - FUENTE DE CATALOGACIÓN
- Centro catalogador/agencia de origen: OSt
- Centro/agencia transcriptor: OSt
110 ## - ENCABEZAMIENTO-NOMBRE DE ENTIDAD CORPORATIVA
- Nombre de entidad corporativa o nombre de jurisdicción como elemento de entrada: Diables de Ripollet
670 ## - FUENTE DE DATOS ENCONTRADOS
- Cita de la fuente: Work cat.: (OSt)35965: Diables de Ripollet, Els Diables: XIII Trobada de diables de Catalunya: Ripollet, 24 de juny de 1995